| 000 | 00000nam##2200000za#4500 |
| 001 | 9.663406 |
| 003 | CaOODSP |
| 005 | 20210615121026 |
| 007 | ta |
| 008 | 150407|2001||||xxc||||| f|0| 0 fre|d |
| 020 | |a0-662-66245-8 |
| 040 | |aCaOODSP|bfre |
| 041 | |aeng |
| 041 | |afre |
| 043 | |an-cn--- |
| 086 | 1 |aPF4-2/2001-7 |
| 110 | 1 |aCanada.|bCommunication Canada. |
| 245 | 10|aDes services pour vous |
| 250 | |aÉdition Manitoba. |
| 260 | |aOttawa - Ontario : |bCommunication Canada |c2001. |
| 300 | |aTexte français, 10p. : |bill. en couleur ; |c28 cm. |
| 546 | |aBilingue |
| 563 | |aCouverture souple |
| 590 | |a01-51|b2001-12-28 |
| 691 | 07|aProgramme fédéral|2gcpds |
| 691 | 07|aProvinces atlantiques|2gcpds |
| 776 | 0#|tDes services pour vous |w(CaOODSP)9.639649 |
| 776 | 0#|tServices for you |w(CaOODSP)9.695512 |
| 791 | |tServices for you |eeng|w(CaOODSP)9.663405 |